000 00679nam a2200277Ia 4500
003 OSt
005 20250923155756.0
008 210210b2011 xxu||||| |||| 00| 0 eng d
020 _a8131603903
040 _cAL
041 _aeng
082 _a306 MOOV
100 _aJerry D Moore Ed
_9240272
245 _aVisions of culture
_b: an annotated reader
260 _aJaipur
_bRawat Publications
_c2011
300 _ax,506p
650 _aVisions
_9240273
650 _areader
_9240274
650 _aof
_9240275
650 _aculture:
_9240276
650 _aannotated
_9240277
650 _aan
_9240278
690 _aCulture
_9240279
906 _a066233
942 _2ddc
_cBK
999 _c147549
_d147549